000 00223nam a22000857a 4500
008 160822b xxu||||| |||| 00| 0 eng d
100 _9208
_aSharma K.G
245 _aSocial Science-6
260 _aNew Delhi
_bPrachi publication
_c2016
999 _c2866
_d2866